GETS Theological Seminary Library

聰明反被聰明誤: (Record no. 17702)

MARC details
000 -LEADER
fixed length control field 00589nam a2200205Ia 4500
008 - FIXED-LENGTH DATA ELEMENTS--GENERAL INFORMATION
fixed length control field 200917s9999||||xx |||||||||||||| ||und||
020 ## - INTERNATIONAL STANDARD BOOK NUMBER
International Standard Book Number 9789866695049
020 ## - INTERNATIONAL STANDARD BOOK NUMBER
International Standard Book Number 9866695042
041 ## - LANGUAGE CODE
Language code of text/sound track or separate title chi
050 ## - LIBRARY OF CONGRESS CALL NUMBER
Classification number BV4254.C5
Item number .H665 2008
100 ## - MAIN ENTRY--PERSONAL NAME
Personal name 洪予健
245 #0 - TITLE STATEMENT
Title 聰明反被聰明誤:
Remainder of title 講壇擷思 /
Statement of responsibility, etc. 洪予健
246 ## - VARYING FORM OF TITLE
Title proper/short title 聪明反被聪明误 :
Remainder of title 讲坛撷思/
260 ## - PUBLICATION, DISTRIBUTION, ETC.
Place of publication, distribution, etc. 台北 :
Name of publisher, distributor, etc. 中福出版有限公司,
Date of publication, distribution, etc. 2008
300 ## - PHYSICAL DESCRIPTION
Extent 282 p. :
Other physical details ill. ;
Dimensions 21 cm.
650 ## - SUBJECT ADDED ENTRY--TOPICAL TERM
Topical term or geographic name entry element Christian life.
650 ## - SUBJECT ADDED ENTRY--TOPICAL TERM
Topical term or geographic name entry element Evangelistic sermons.
650 ## - SUBJECT ADDED ENTRY--TOPICAL TERM
Topical term or geographic name entry element Sermons.
Holdings
Withdrawn status Lost status Source of classification or shelving scheme Damaged status Not for loan Home library Current library Shelving location Date acquired Total Checkouts Full call number Barcode Date last seen Price effective from Koha item type Copy number
    Library of Congress Classification     GETS Theological Seminary Library GETS Theological Seminary Library General Stacks 08/24/2020   BV4254.C5 .H665 2008 00005950 08/24/2020 08/24/2020 Chinese Book  
    Library of Congress Classification     GETS Theological Seminary Library GETS Theological Seminary Library General Stacks 09/17/2020   BV4254.C5 .H665 2008 00015283 09/17/2020 09/17/2020 Chinese Book c. 2
OpacCredits

Contact the Librarian, GETS Library
Email: library@mygets.org









Implemented by GETS Library
(Powered by ETCA Professional Group)
GETS Theological Seminary
412 E. Rowland Street, CA 91723